Robert Shaw Filmography - Statistics

General Stats
  • This quiz has been taken 13 times
    3 since last reset
  • The average score is 16 of 100
Answer Stats
Type Year Name % Correct
Film 1965 Battle of the Bulge
100%
Film 1977 Black Sunday
100%
Film 1978 Force 10 from Navarone
100%
Film 1975 Jaws
100%
Film 1977 The Deep
100%
Film 1973 The Sting
100%
Film 1966 A Man for All Seasons
50%
Theater 1949, 1951-1952, 1976-1977 A Midsummer Night's Dream
50%
Film 1979 Avalanche Express
50%
Film 1969 Battle of Britain
50%
Film 1963 From Russia with Love
50%
Theater 1951 Hamlet
50%
Film 1964 Hamlet
50%
Theater 1949-1950 Henry VIII
50%
Theater 1950, 1953 King Lear
50%
Theater 1948-1949 Macbeth
50%
Theater 1949-1950 Much Ado About Nothing
50%
Theater 1949, 1951-1952 Othello
50%
Film 1976 Swashbuckler
50%
Award Show 1976 The 48th Annual Academy Awards
50%
Film 1968 The Birthday Party
50%
Film 1963 The Caretaker
50%
Theater 1952-1953 The Merchant of Venice
50%
Film 1974 The Taking of Pelham One Two Three
50%
Theater 1953 The Taming of the Shrew
50%
Film 1956 A Hill in Korea
0%
Theater 1959 A Lodging for a Bride
0%
Theater 1953 Antony and Cleopatra
0%
Film 1972 A Reflection of Fear
0%
TV Show 1960 Armchair Theatre
0%
TV Film 1952 A Time to Be Born
0%
Film 1971 A Town Called Bastard
0%
TV Show 1955 BBC Sunday-Night Theatre
0%
TV Film 1964 Carol for Another Christmas
0%
Film 1967 Custer of the West
0%
Theater 1949-1950 Cymbeline
0%
TV Show 1961 Danger Man
0%
TV Show 1958 Dial 999
0%
Film 1975 Diamonds
0%
Film 1956 Doublecross
0%
Film 1975 End of the Game
0%
TV Show 1964 Festival
0%
Film 1970 Figures in a Landscape
0%
TV Show 1972 Film Night
0%
Theater 1970 Gantry
0%
TV Film 1964 Hamlet at Elsinore
0%
TV Film 1957 Hindle Wakes
0%
Short Documentary 1957 Holiday
0%
TV Show 1960, 1974 ITV Play of the Week
0%
TV Show 1957, 1960 ITV Television Playhouse
0%
Theater 1950 Julius Caesar
0%
Film 1959 Libel
0%
Theater 1958 Live Like Pigs
0%
TV Film 1968 Luther
0%
Theater 1950 Measure for Measure
0%
Short Documentary 1962 North to the Dales
0%
Theater 1971-1972 Old Times
0%
Theater 1959 One More River
0%
Film 1976 Robin and Marian
0%
TV Film 1957 Rupert of Hentzau
0%
TV Film 1948 Scenes from Twelfth Night and Macbeth
0%
Film 1958 Sea Fury
0%
TV Film 1957 Success
0%
TV Show 1963 Temple Houston
0%
TV Show 1959 Theatre Night
0%
TV Show 1956-1957 The Buccaneers
0%
Theater 1961-1962 The Caretaker
0%
Theater 1961 The Changeling
0%
TV Film 1947 The Cherry Orchard
0%
Film 1963 The Cracksman
0%
Film 1954 The Dam Busters
0%
Theater 1974 The Dance of Death
0%
TV Film 1960 The Dark Man
0%
TV Show 1970 The Ed Sullivan Show
0%
TV Film 1962 The Father
0%
TV Show 1960 The Four Just Men
0%
Film 1973 The Golden Voyage of Sinbad
0%
Film 1973 The Hireling
0%
Film 1951 The Lavender Hill Mob
0%
Theater 1959 The Long and the Short and the Tall
0%
Film 1964 The Luck of Ginger Coffey
0%
TV Documentary 1977 The Making of 'The Deep'
0%
Theater 1968-1969 The Man in the Glass Booth
0%
Film 1975 The Man in the Glass Booth
0%
TV Show 1968, 1969 The Merv Griffin Show
0%
TV Show 1972, 1973, 1975 The Mike Douglas Show
0%
Theater 1964 The Physicists
0%
Film 1969 The Royal Hunt of the Sun
0%
TV Show 1955 The Scarlet Pimpernel
0%
TV Film 1961 The Train Set
0%
Film 1962 The Valiant
0%
TV Show 1974 The Wide World of Mystery
0%
TV Film 1962 The Winter's Tale
0%
TV Show 1962 Thirty Minute Theatre
0%
Theater 1955 Tiger at the Gates
0%
Film 1962 Tomorrow at Ten
0%
TV Show 1958 White Hunter
0%
TV Show 1959 William Tell
0%
Short Documentary 1955 Yorkshire Sands
0%
Film 1972 Young Winston
0%
No matching quizzes found
Score Distribution
Percent of People with Each Score
Percentile by Number Answered
Your Score History
You have not taken this quiz since the last reset